Statistics for Угадай исполнителя по песне: Пост-СССР

Click here to take the quiz!

General Stats

  • This quiz has been taken 91 times
  • The average score is 14 of 50

Answer Stats

ПесняЖанрСтранаИсполнитель% Correct
Мокрые кроссыХип-хопБелоруссияТима Белорусских
71%
ВахтерамРокУкраинаБумбокс
64%
Полковнику никто не пишетРокБелоруссияБи-2
64%
Твои глазаПопУкраинаСветлана Лобода
61%
Всё будет хорошоПопУкраинаВерка Сердючка
61%
КружитПопУкраинаMonatik
59%
Любовь спасет мирПопУкраинаВера Брежнева
56%
Чёрный бумерХип-хопБелоруссияСерёга
51%
Были танцыR&BБелоруссияБьянка
50%
КометаПопАзербайджанJONY
49%
СтыцамэнПопУкраинаИван Дорн
48%
Около тебяПопУкраинаЁлка
46%
ТуманыПопУкраинаМакс Барских
46%
КафельПопУкраинаВремя и Стекло
46%
ПлакалаПопУкраинаKazka
41%
МотылёкПопБелоруссияМакс Корж
40%
ОбіймиРокУкраинаОкеан Ельзи
39%
Помолимся за родителейПопГрузияСосо Павлиашвили
35%
Лишь до утраПопМолдавияДан Балан
34%
ВернисажПопЛатвияЛайма Вайкуле
29%
1944ПопУкраинаДжамала
29%
Это любовьХип-хопКазахстанСкриптонит
28%
ЛейлаХип-хопКазахстанJah Khalib
28%
Выше облаковПопУкраинаТина Кароль
26%
Синяя вечностьПопАзербайджанМуслим Магомаев
26%
Беловежская пущаРокБелоруссияПесняры
26%
Было, но прошлоПопУкраинаСофия Ротару
24%
Дикі танціПопУкраинаРуслана
23%
Siren SongПопУкраинаMaruv
21%
Мои годаПопГрузияВахтанг Кикабидзе
19%
АлесяПопБелоруссияСябры
18%
СолнцеПопУкраинаАни Лорак
18%
Три колодца (Учкудук)РокУзбекистанЯлла
16%
Пустите меня на танцполХип-хопАзербайджанHammAli & Navai
16%
ВетерРокЛатвияBrainstorm
15%
Королева ночиПопУкраинаОля Полякова
14%
На беломХип-хопАзербайджанКаспийский груз
11%
Солдат любвиПопКазахстанА’Студио
10%
Полюби меня такойПопУкраинаНаталья Могилевская
10%
Позади, крутой поворотПопЭстонияАнне Вески
10%
Любовь уставших лебедейПопКазахстанДимаш
10%
АлияПопКазахстанРоза Рымбаева
10%
СнегопадРомансГрузияНани Брегвадзе
9%
АргоПопГрузияТамара Гвердцители
9%
Я люблю тебя, жизньОпераЭстонияГеорг Отс
9%
Пройдя сквозь годы (Как жили мы, борясь)ПопАзербайджанПолад Бюльбюль оглы
6%
ЗолотойПопКазахстанДильназ Ахмадиева
6%
Я буду жить для тебяПопБелоруссияАнжелика Агурбаш
5%
Сердце пацанаРокУкраинаПошлая Молли
4%
Я встретил девушкуПопАзербайджанРашид Бейбутов
4%

Score Distribution

Percentile by Number Answered

Percent of People with Each Score

Your Score History

You have not taken this quiz